[Event "USA tt"]
[Site "ICC INT"]
[Date "2013.10.09"]
[Round "7"]
[White "Cozianu, Costin"]
[Black "Kaufman, Larry C"]
[Result "1-0"]
[WhiteElo "2439"]
[BlackElo "2332"]
[PlyCount "99"]
[EventDate "2013.08.27"]
[EventType "team-tourn"]
[EventRounds "10"]
[EventCountry "USA"]
[SourceTitle "CBM 156 Extra"]
[Source "ChessBase"]
[SourceDate "2013.10.22"]
[SourceVersion "1"]
[SourceVersionDate "2013.10.22"]
[SourceQuality "1"]
[WhiteTeam "Seattle"]
[BlackTeam "Baltimore"]
[WhiteTeamCountry "USA"]
[BlackTeamCountry "USA"]

1. e4 c5 2. Nf3 d6 3. Bb5+ Bd7 4. c4 Nc6 5. Nc3 g6 6. d4 cxd4 7. Nxd4 Bg7 8. Be3 Nf6 9. h3 0-0 10. 0-0 a6 11. Nxc6 bxc6 12. Ba4 Rb8 13. b3 c5 14. e5 Nh5 15. exd6 Bxc3 16. dxe7 Qxe7 17. Qxd7 Qxd7 18. Bxd7 Bxa1 19. Rxa1 Nf6 20. Bc6 Rfc8 21. Bf3 a5 22. Bd2 a4 23. bxa4 Re8 24. a5 Ne4 25. Be1 f5 26. g4 Red8 27. gxf5 gxf5 28. Bd1 Rd4 29. f3 Ng5 30. h4 Nh3+ 31. Kg2 Nf4+ 32. Kf1 Rbd8 33. Ba4 Rd3 34. Bc6 Ra3 35. Bb7 Nd3 36. Bd2 Ne5 37. Bg5 Rd7 38. a6 Nxf3 39. Bc1 Nd2+ 40. Ke2 Nxc4 41. Bxa3 Re7+ 42. Kf2 Nxa3 43. a7 Re8 44. a8Q Rxa8 45. Bxa8 Kg7 46. Rc1 c4 47. Bc6 Kf6 48. Rc3 Nb1 49. Rxc4 Nd2 50. Rc2 1-0

[Event "USA tt"]
[Site "ICC INT"]
[Date "2013.09.18"]
[Round "4"]
[White "Kaufman, Larry C"]
[Black "Xiong, Jeffery"]
[Result "0-1"]
[WhiteElo "2332"]
[BlackElo "2369"]
[PlyCount "84"]
[EventDate "2013.08.27"]
[EventType "team-tourn"]
[EventRounds "10"]
[EventCountry "USA"]
[SourceTitle "CBM 156 Extra"]
[Source "ChessBase"]
[SourceDate "2013.10.22"]
[SourceVersion "1"]
[SourceVersionDate "2013.10.22"]
[SourceQuality "1"]
[WhiteTeam "Baltimore"]
[BlackTeam "Dallas"]
[WhiteTeamCountry "USA"]
[BlackTeamCountry "USA"]

1. d4 Nf6 2. c4 e6 3. Nf3 d5 4. Nc3 Be7 5. Bf4 0-0 6. a3 Nbd7 7. Nb5 Ne8 8. e3 c6 9. Nc3 b6 10. Bd3 Nd6 11. cxd5 cxd5 12. Qc2 Nf6 13. Ne5 Bb7 14. 0-0 Rc8 15. f3 h6 16. g4 Nd7 17. Rad1 Nxe5 18. dxe5 Nc4 19. e4 d4 20. Bxc4 Rxc4 21. Qb3 Ba6 22. Nb5 Rc5 23. a4 Bxb5 24. axb5 Qd7 25. Qa4 Qxb5 26. Qxa7 Rc2 27. Qxe7 Qe2 28. Rd2 Rxd2 29. Bxd2 Qxd2 30. Rf2 Qe3 31. Qb4 d3 32. Kg2 Rc8 33. Qd2 Qd4 34. Qd1 Qe3 35. b4 Rc1 36. Qa4 d2 37. Qe8+ Kh7 38. Qxf7 d1Q 39. Qxe6 Qdxf3+ 40. Rxf3 Rg1+ 41. Kh3 Qxf3+ 42. Kh4 g5+ 0-1

[Event "Washington op 2nd"]
[Site "Rockville"]
[Date "2013.08.10"]
[Round "8"]
[White "Kaufman, Larry C"]
[Black "Li, Ruifeng"]
[Result "1-0"]
[WhiteElo "2332"]
[BlackElo "2246"]
[PlyCount "105"]
[EventDate "2013.08.06"]
[EventType "swiss"]
[EventRounds "9"]
[EventCountry "USA"]
[SourceTitle "EXT 2014"]
[Source "ChessBase"]
[SourceDate "2013.11.20"]
[SourceVersion "1"]
[SourceVersionDate "2013.11.20"]
[SourceQuality "1"]

1. d4 Nf6 2. c4 e6 3. Nf3 Bb4+ 4. Bd2 Qe7 5. g3 Bxd2+ 6. Qxd2 Ne4 7. Qc2 f5 8. Bg2 0-0 9. 0-0 d5 10. Nbd2 c6 11. Ne5 Nd7 12. Ndf3 Ndf6 13. Ne1 Bd7 14. N1d3 Be8 15. b4 dxc4 16. Nxc4 Nd5 17. a3 Bh5 18. Rfe1 Qg5 19. e3 Qh6 20. Nce5 Nd6 21. Rac1 g5 22. Nc5 Nb6 23. Qb3 Rae8 24. a4 Kh8 25. a5 Nd5 26. a6 bxa6 27. Ncd7 Ne7 28. Nxf8 Rxf8 29. Nxc6 Nec8 30. d5 exd5 31. Qxd5 Bf7 32. Qd4+ Kg8 33. Ne5 Be6 34. Rc6 Qf6 35. Rxd6 Nxd6 36. Qxd6 Rd8 37. Qc5 f4 38. exf4 gxf4 39. Nc6 Rd7 40. Qe5 Qxe5 41. Nxe5 Rd6 42. Nc6 Kf7 43. gxf4 Kf6 44. h4 Bd7 45. Rc1 Be6 46. Nxa7 Kf5 47. Nc8 Bxc8 48. Rxc8 Kxf4 49. Rc4+ Kf5 50. Be4+ Kf4 51. Bxh7+ Kf3 52. Be4+ Kg4 53. Bg6+ 1-0

[Event "Washington op 2nd"]
[Site "Rockville"]
[Date "2013.08.06"]
[Round "1"]
[White "Kaufman, Larry C"]
[Black "Smirin, Ilia"]
[Result "0-1"]
[WhiteElo "2332"]
[BlackElo "2663"]
[PlyCount "84"]
[EventDate "2013.08.06"]
[EventType "swiss"]
[EventRounds "9"]
[EventCountry "USA"]
[SourceTitle "CBM 155 Extra"]
[Source "ChessBase"]
[SourceDate "2013.08.26"]
[SourceVersion "1"]
[SourceVersionDate "2013.08.26"]
[SourceQuality "1"]

1. d4 Nf6 2. c4 g6 3. f3 Bg7 4. e4 d6 5. Nc3 0-0 6. Nge2 a6 7. Be3 Nc6 8. Qd2 Bd7 9. Nc1 Nh5 10. Nb3 a5 11. Rd1 a4 12. Nc1 e5 13. d5 Nd4 14. N1e2 Nxe2 15. Bxe2 Nf4 16. 0-0 a3 17. b4 f5 18. Kh1 Nxe2 19. Qxe2 f4 20. Bg1 g5 21. c5 Rf6 22. c6 Bc8 23. cxb7 Bxb7 24. Rc1 Rg6 25. Rc2 h5 26. Rfc1 g4 27. Nb1 gxf3 28. Qxf3 Bc8 29. Qxh5 Qf6 30. h3 Bg4 31. hxg4 Rh6 32. Nd2 Rb8 33. Rxc7 Rxh5+ 34. gxh5 Qh4+ 35. Bh2 Rxb4 36. Nf3 Qxh5 37. Ra7 Qg4 38. Ra8+ Kh7 39. Rxa3 Rxe4 40. Rc2 Rb4 41. Ra7 Rb1+ 42. Ng1 Rxg1+ 0-1

[Event "World op 41st"]
[Site "Arlington"]
[Date "2013.07.06"]
[Round "7"]
[White "Williams, Justus D"]
[Black "Kaufman, Larry C"]
[Result "0-1"]
[WhiteElo "2199"]
[BlackElo "2325"]
[PlyCount "84"]
[EventDate "2013.07.01"]
[EventType "swiss"]
[EventRounds "9"]
[EventCountry "USA"]
[SourceTitle "CBM 155 Extra"]
[Source "ChessBase"]
[SourceDate "2013.08.26"]
[SourceVersion "1"]
[SourceVersionDate "2013.08.26"]
[SourceQuality "1"]

1. Nf3 d5 2. c4 c6 3. g3 Nf6 4. Bg2 dxc4 5. Na3 Be6 6. Qc2 Qd5 7. b3 cxb3 8. axb3 Nbd7 9. Nc4 g6 10. 0-0 Qh5 11. Ra5 c5 12. d4 b6 13. Ra6 Bh3 14. dxc5 Bxg2 15. Kxg2 Qxc5 16. Be3 Qc7 17. Qd3 Qb7 18. Rfa1 Bg7 19. Bxb6 Nxb6 20. Nxb6 Rd8 21. Qxd8+ Kxd8 22. Nc4 Qxb3 23. Nfe5 Nd7 24. R1a3 Qb7+ 25. Nf3 Bd4 26. R6a4 Bc5 27. Rd3 Ke8 28. Ra5 Bb6 29. Rad5 Nf6 30. Nxb6 Qxb6 31. R5d4 Kf8 32. e4 e6 33. g4 h6 34. g5 hxg5 35. Nxg5 Nh5 36. e5 Qc6+ 37. f3 Kg7 38. Rd2 Rb8 39. Rd7 Nf4+ 40. Kg3 Nh5+ 41. Kh3 Rb7 42. R7d6 Qc1 0-1

[Event "World op 41st"]
[Site "Arlington"]
[Date "2013.07.01"]
[Round "1"]
[White "Quesada Perez, Yuniesky"]
[Black "Kaufman, Larry C"]
[Result "1/2-1/2"]
[WhiteElo "2639"]
[BlackElo "2325"]
[PlyCount "61"]
[EventDate "2013.07.01"]
[EventType "swiss"]
[EventRounds "9"]
[EventCountry "USA"]
[SourceTitle "CBM 155 Extra"]
[Source "ChessBase"]
[SourceDate "2013.08.26"]
[SourceVersion "1"]
[SourceVersionDate "2013.08.26"]
[SourceQuality "1"]

1. e4 c6 2. d4 d5 3. e5 Bf5 4. Nf3 e6 5. Be2 Ne7 6. 0-0 h6 7. Nbd2 Nd7 8. Nb3 g5 9. Ne1 Bg7 10. f4 gxf4 11. Bxf4 Qb6 12. a4 a6 13. a5 Qa7 14. Kh1 0-0-0 15. Nd3 f6 16. exf6 Bxf6 17. Ndc5 Nxc5 18. Nxc5 Ng6 19. Bg3 Be7 20. b4 Bd6 21. Bxd6 Rxd6 22. Bd3 Ne7 23. Qh5 Qb8 24. Rae1 Qc7 25. Bxf5 Nxf5 26. Nxe6 Ng7 27. Rf7 Nxh5 28. Rxc7+ Kb8 29. Re7 Ka8 30. Rf1 Rg8 31. g4 1/2-1/2

[Event "USA-chT Amateur East"]
[Site "Parsippany"]
[Date "2013.02.16"]
[Round "2"]
[White "Kaufman, Larry C"]
[Black "Lowinger, Daniel"]
[Result "1/2-1/2"]
[WhiteElo "2338"]
[BlackElo "2135"]
[PlyCount "54"]
[EventDate "2013.02.16"]
[EventType "team-swiss"]
[EventRounds "6"]
[EventCountry "USA"]
[SourceTitle "CBM 153 Extra"]
[Source "ChessBase"]
[SourceDate "2013.04.22"]
[SourceVersion "1"]
[SourceVersionDate "2013.04.22"]
[SourceQuality "1"]
[WhiteTeam "Bisguier's Blunderers"]
[BlackTeam "Doping on Elo to Win"]
[WhiteTeamCountry "USA"]
[BlackTeamCountry "USA"]

1. d4 Nf6 2. c4 g6 3. f3 d6 4. e4 Bg7 5. Nc3 0-0 6. Be3 Nbd7 7. Nh3 e5 8. d5 Nb6 9. Nf2 c6 10. Qb3 Nfd7 11. dxc6 bxc6 12. Rd1 Qe7 13. Qa3 Nc5 14. b4 Ncd7 15. c5 dxc5 16. bxc5 Re8 17. Qa5 Bb7 18. cxb6 axb6 19. Rxd7 Qxd7 20. Qb4 Bf8 21. Qb2 b5 22. Nd3 Ba3 23. Qc2 Qe7 24. Be2 Bd6 25. 0-0 Ra5 26. Nc1 Bc5 27. Bf2 b4 1/2-1/2